Statistics for Art Works Picture Quiz #2

Click here to take the quiz!

General Stats

  • This quiz has been taken 80,287 times
    (45,334 since last reset)
  • The average score is 9 of 15

Answer Stats

Answer% Correct
Leonardo da Vinci /
The Mona Lisa
100%
Michelangelo /
David
90%
Edvard Munch /
The Scream
89%
Vincent van Gogh /
Sunflowers
87%
Claude Monet /
Water Lilies
79%
Pablo Picasso /
Les Demoiselles d'Avignon
77%
Auguste Rodin /
The Thinker
76%
Sandro Botticelli /
The Birth of Venus
63%
Hans Holbein /
Portrait of Henry VIII
60%
Pierre-Auguste Renoir /
Bal du moulin de la Galette
36%
Paul Gauguin /
Where Do We Come From? ...
34%
Raphael /
Sistine Madonna
28%
Georges Seurat /
A Sunday Afternoon on the Island of La Grande Jatte
26%
Francisco de Goya /
The Third of May 1808
25%
Wassily Kandinsky /
Composition 8
25%

Score Distribution

Percentile by Number Answered

Percent of People with Each Score

Your Score History

You have not taken this quiz since the last reset